000 00461nam a2200193Ia 4500
008 210210b1932 xxu||||| |||| 00| 0 eng d
082 _a544/103
100 _aLEWIS (William C)
245 _aSystem of physical chemistry Vol II
260 _aLondon
_bLongmans Green & Co
_c1932
300 _a489
650 _aVol
650 _aSystem
650 _aphysical
650 _aII
650 _achemistry
690 _aInorganic Chemistry
906 _a009759
999 _c127145
_d127145